Sports Quiz

Random Sports or Football Quiz

Top Best Fantasy Football Seasons in NFL History Quiz Stats

Quiz not verified by Sporcle

Challenge
Share
Tweet
Embed
Score 0/17 Timer 06:00
0 Plays Today
Year/Pos/Team Answer % Correct
2000/RB/STLMarshall Faulk
95.4%
2006/RB/SDLaDainian Tomlinson
94.4%
2007/QB/NETom Brady
93.6%
2012/RB/MINAdrian Peterson
92.6%
2007/WR/NERandy Moss
91%
1987/WR/SFJerry Rice
90.7%
1984/QB/MIADan Marino
90.1%
1998/QB/SFSteve Young
89.8%
2002/RB/KCPriest Holmes
88.1%
Year/Pos/Team Answer % Correct
2005/RB/SEAShaun Alexander
87.5%
2004/QB/MINDaunte Culpepper
85.8%
2006/RB/STLSteven Jackson
83.9%
1963/RB/CLEJim Brown
82.2%
1975/RB/BUFO.J. Simpson
77.2%
1990/QB/PHIRandall Cunningham
72.1%
1985/DEF/CHIChicago Bears
71.5%
1961/K/QB/HOUGeorge Blanda
39.2%

You're not logged in!

Compare scores with friends on all Sporcle quizzes.
Sign Up with Email
OR
Log In

You Might Also Like...

Show Comments

Extras

Top Quizzes Today


Score Distribution

Your Account Isn't Verified!

In order to create a playlist on Sporcle, you need to verify the email address you used during registration. Go to your Sporcle Settings to finish the process.

Report this User

Report this user for behavior that violates our Community Guidelines.

Details: